000 00813nam a2200229 a 4500
001 4143
003 CDMR
005 20131128112449.0
008 130130s1995||||||||||||||||||||||||||||d
020 _a8439336330
040 _aCDMR
_bcat
_cCPC GIRONA
111 2 _9403
_aConverses a la Pedrera
_cBarcelona
_d1995
_n5es
245 1 0 _aAutopistes de la informació
_b: què hi ha darrera d'aquesta metàfora?
_cPonent, Gaëtan Tremblay
260 _c1995
_bGeneralitat de Catalunya
_aBarcelona
300 _a122 p.
490 0 _aMonografies i Documents
_v13
650 0 4 _93364
_aTecnologia de la informació
_xCongressos
650 0 4 _93080
_aMitjans de comunicació de massa
_xInnovacions tecnològiques
700 1 _93474
_aTremblay, Gaëtan
710 1 _9304
_aCentre d'Investigació de la Comunicació
942 _cMON
_2ddc
999 _c4143
_d4143